| 000 | 00696nam a22002411 4500 | ||
|---|---|---|---|
| 001 | 1229769 | ||
| 003 | OSt | ||
| 005 | 20230627114216.0 | ||
| 008 | 700716s1963 enk b 000 0 eng | ||
| 010 | _a 68003784 | ||
| 040 |
_aDLC _cDLC _dDLC |
||
| 082 | 0 | 0 |
_a335.4 _bHYD |
| 100 | 1 |
_aHyde, Douglas Arnold, _d1911- |
|
| 245 | 1 | 4 |
_aThe peaceful assault; _bthe pattern of subversion _c[by] Douglas Hyde. |
| 260 |
_aLondon, _bBodley Head _c[1963] |
||
| 300 |
_a127 p. _c19 cm. |
||
| 490 | 0 | _aA Background book | |
| 504 | _aBibliographical footnotes. | ||
| 650 | 0 | _aCommunist strategy. | |
| 650 | 0 | _aSubversive activities. | |
| 906 |
_a7 _bcbc _corignew _du _encip _f19 _gy-gencatlg |
||
| 942 |
_2ddc _cBK |
||
| 999 |
_c2849 _d2849 |
||